Premier League Appearances by Nationality: Spain - Statistics

General Stats
  • This quiz has been taken 43 times
  • The average score is 5 of 10
Answer Stats
Appearances Player % Correct
415 David de Gea
74%
309 David Silva
74%
278 Juan Mata
74%
350 Cesc Fabregas
72%
297 Pepe Reina
67%
349 Cesar Azpilicueta
64%
284 Mikel Arteta
44%
223 Ayoze Perez
13%
239 Oriol Romeu
10%
263 Adama Traore
8%
No matching quizzes found
Score Distribution
Percent of People with Each Score
Percentile by Number Answered
Your Score History
You have not taken this quiz